| 000 | 00730nam a2200241 4500 | ||
|---|---|---|---|
| 003 | OTs | ||
| 005 | 20260530113922.0 | ||
| 008 | 260520b2007 |||ao||| |||| 00| 0 spa d | ||
| 040 |
_aICI _bspa _cICI _erda |
||
| 050 |
_aT55 _bG85 2007 |
||
| 245 |
_aGuía práctica de herramientas básicas _bTaller Creativo |
||
| 264 |
_aMéxico _bTC _c2007 |
||
| 300 | _a48 Páginas | ||
| 336 |
_2rdacontent _atexto |
||
| 337 |
_2rdamedia _asin medio |
||
| 338 |
_2rdacarrier _avolumen |
||
| 650 |
_aHerramientas manuales _934703 |
||
| 650 |
_aTalleres de arte _934704 |
||
| 650 |
_aDiseño industrial _xTécnicas _934705 |
||
| 650 |
_aArtes aplicadas _xMateriales y técnicas _934706 |
||
| 650 |
_aProcesos creativos _934707 |
||
| 942 |
_2lcc _n1 _cBK |
||
| 999 |
_c12469 _d12469 |
||